000 00458nam a2200157Ia 4500
008 240729s9999 xx 000 0 und d
022 _a1545-8725
245 0 _aCalifornian Journal of Health Promotion
260 _aUnited States
260 _bCalifornian Journal of Health Promotion
650 _a Public aspects of medicine
650 _aMedicine
856 _uhttps://doaj.org/toc/76a56f1346e1439097e421fac807f783
942 _2ddc
942 _cDOAJEJ
999 _c68809
_d68809
945 _a1
_bMadushi Gamage
_c1
_dMadushi Gamage